000 00781nam a2200193 i 4500
001 161988
003 ES-MaACL
005 20250912063053.0
008 041026q1866 xx |||| | ita d
100 1 _aPessina, Enrico,
_d1828-1916
_991450
245 1 1 _a[Sul sistema penale /
_cEnrico Pessina].
260 _a[S.l. :
_bs.n.,
_c1866?]
300 _a16, [2] p. ;
_c23 cm.
594 _aTít. tomado de antep. y autor de final del texto.
596 _aLa fecha más moderna que consta en el texto es 1866.
650 7 _aDerecho penal-
_zItalia
_2
_9155394
852 _aES-MaACL
_jD-134(18)
_z- Enc. pasta española
_z.- Donativo Lastres
_q- Ejemp. sin port.
_z- Enc. en un vol. facticio, formando parte de la col. "Estudios penitenciarios", 1
999 _c161988
_d161988